000 00338nam a2200145Ia 4500
005 20251222175931.0
008 251222s9999||||xx |||||||||||||| ||spa||
020 _a9788448722739
082 _a863/M64
100 _aMirĂ³, Asha
245 0 _aLas dos Caras de la Luna
250 _a1ra.ed.
264 _bEdiciones Altaya.
942 _cLIB
999 _c41050
_d41050